Movilidad social en México : la importancia de las habilidades y su transmisión intergeneracional /

Obra que analiza el estado de movilidad social en México en el 2015, a partir de habilidades cognitivas, socioemocionales y de preferencia con las que una persona nace y crece de acuerdo a su clase económica y estatus social, y que son fundamentales para obtener una mejor forma de vida.

保存先:
書誌詳細
第一著者: Campos Vázquez, Raymundo Miguel (autor)
フォーマット: 図書
言語:スペイン語
出版事項: México : El Colegio de México : Centro de Estudios Espinosa Yglesias, 2018, c2018
主題:
タグ: タグ追加
タグなし, このレコードへの初めてのタグを付けませんか!

MARC

LEADER 00000nam^a2200000^a^4500
001 000408043
005 20250521000000.0
009 20260526143831.213
020 |a 978-607-8036-50-9 
037 |a Acervo ITESO - Biblioteca 
041 |a ESP 
082 |a 305. 5130972  |b CAM 
100 |a Campos Vázquez, Raymundo Miguel  |e (autor) 
245 1 0 |a Movilidad social en México :  |b la importancia de las habilidades y su transmisión intergeneracional /  |c R.M. Campos Vázquez. 
264 4 |a México :  |b El Colegio de México :  |b Centro de Estudios Espinosa Yglesias,  |c 2018, c2018 
300 |a 352 p. 
336 |a texto  |b txt  |2 rdacontenido 
337 |a sin mediación  |b n  |2 rdamedio 
338 |a volumen  |b nc  |2 rdasoporte 
520 |a Obra que analiza el estado de movilidad social en México en el 2015, a partir de habilidades cognitivas, socioemocionales y de preferencia con las que una persona nace y crece de acuerdo a su clase económica y estatus social, y que son fundamentales para obtener una mejor forma de vida. 
521 |a FIL 2018 EEnlace Departamento de Estudios Sociopolíticos y Jurídicos 
649 |a XX 
650 |a Habilidades de Pensamiento 
650 |a Habilidades Sociales 
650 |a Habilidades Directivas 
650 |a Clases Sociales -  |z México 
650 |a Estatus Social -  |z México 
650 |a Movilidad Social -  |z México -  |x Historia -  |y 2012-2018 -  |x Tema Principal 
650 |a Movilidad Social -  |z México -  |x Investigación 
650 |a Movilidad Social -  |z México -  |x Tema Principal 
650 |a Igualdad y Desigualdad -  |z México 
650 |a Sociología -  |z México 
910 |a Fondo General 
920 |a Impresos - Libros 
930 |a Colección General 
905 |a 101 
901 |a 0500311870  |b IT1  |c ACC  |i C162247  |u 20250521 
902 |a https://opac.biblio.iteso.mx/vufind/Record/000408043